La Familia Rol en la sociedad. Justicia de Familia. Conflicto y Mediacin̤. Explicaciones Prc̀ticas /

Bibliographic Details
Main Author: Cornejo Manrq̕uez, Anb̕al
Format: eBook
Language:Spanish
Published: Santiago de Chile: Corman Editores Jurd̕icos, 2022
Edition:6ta. Edicin̤
Subjects:
Online Access:Acceso restringido

MARC

LEADER 00000nam a22000007a 4500
005 2022092100230.0
007 cr|||| ||||
008 220921s2022 cl |||||s|||| 00||0 spa d
020 |a 956–238–630–9 
035 |a 37265 
040 |a vLex 
090 |c 14010  |d 14010 
100 1 |a Cornejo Manrq̕uez, Anb̕al 
245 1 2 |a La Familia  |h [Recurso electrn̤ico] :  |b Rol en la sociedad. Justicia de Familia. Conflicto y Mediacin̤. Explicaciones Prc̀ticas /  |c Anb̕al Cornejo Manrq̕uez 
250 |a 6ta. Edicin̤ 
256 |a Servicio en ln̕ea 
260 |a Santiago de Chile:  |b Corman Editores Jurd̕icos,  |c 2022 
300 |a 1 recurso electrn̤ico 
506 1 |a Disponible solo en los productos indicados  |d vLex Global  |d vLex Global (Academic Edition, excluding Law Schools)  |d vLex Global (U.S. Academic Edition, Law Schools)  |d vLex Global (U.S. Academic Edition, excluding Law Schools)  |d vLex Global (Academic Edition, Law Schools) 
650 0 4 |a Derecho Civil  |z Chile 
650 0 4 |a Familia y Sucesiones  |z Chile 
740 0 |a vLex Libros (Servicio en ln̕ea) 
856 4 0 |u https://app.vlex.com/#/sources/37265  |z Acceso restringido 
942 |c BOOK 
999 0 |a Civil Law 
999 0 |a Family and Inheritance